The 8086 Microprocessor Programming and Interfacing the PC (Record no. 1430)

MARC details
000 -LEADER
fixed length control field 00375nam a2200145Ia 4500
008 - FIXED-LENGTH DATA ELEMENTS--GENERAL INFORMATION
fixed length control field 191201s2004 xx 000 0 und d
082 ## - DEWEY DECIMAL CLASSIFICATION NUMBER
Classification number 005.26
Item number AYM
100 ## - MAIN ENTRY--PERSONAL NAME
Personal name AYALA, Kenneth J
245 #4 - TITLE STATEMENT
Title The 8086 Microprocessor Programming and Interfacing the PC
250 ## - EDITION STATEMENT
Edition statement 1st
260 ## - PUBLICATION, DISTRIBUTION, ETC. (IMPRINT)
Place of publication, distribution, etc N.Delhi
Name of publisher, distributor, etc Thomson D
Date of publication, distribution, etc 2004
300 ## - PHYSICAL DESCRIPTION
Extent 672
650 ## - SUBJECT ADDED ENTRY--TOPICAL TERM
Topical term or geographic name as entry element B.Tech(CSE)
942 ## - ADDED ENTRY ELEMENTS (KOHA)
Source of classification or shelving scheme Dewey Decimal Classification
Koha item type Text Books
Holdings
Withdrawn status Lost status Source of classification or shelving scheme Damaged status Not for loan Collection code Home library Current library Date acquired Source of acquisition Cost, normal purchase price Bill Number Total Checkouts Full call number Acc. no. / Barcode Date last seen Date last borrowed Bill Date Koha item type
    Dewey Decimal Classification     B.Tech(CSE) PIET C-LIBRARY PIET C-LIBRARY 16/08/2006 M/s UDH , Delhi 360.00 125382 2 005.26 AYM 2326 06/10/2025 17/09/2025 22/08/2005 Text Books
    Dewey Decimal Classification     B.Tech(CSE) PIET C-LIBRARY PIET C-LIBRARY 16/08/2006 M/s UDH , Delhi 360.00 125382 3 005.26 AYM 2327 15/03/2023 27/09/2022 22/08/2005 Text Books
    Dewey Decimal Classification     B.Tech(CSE) PIET C-LIBRARY PIET C-LIBRARY 16/08/2006 M/s UDH , Delhi 360.00 125382   005.26 AYM 2328 04/12/2019   22/08/2005 Text Books

Design & Developed by: PIET Central Library
R70 Miles Stone Pattikalyana Samalkha Panipat 132102
mail ID :- [email protected], Phone No:- 0180-2569700 Ex.216